[Event "28th Czech Open A 2017"]
[Site "Pardubice CZE"]
[Date "2017.07.28"]
[Round "8.9"]
[White "Puranik, Abhimanyu"]
[Black "Vorobiov, Evgeny E."]
[Result "1/2-1/2"]
[WhiteTitle "IM"]
[BlackTitle "GM"]
[WhiteElo "2479"]
[BlackElo "2585"]
[WhiteFideId "5061245"]
[BlackFideId "4121341"]
[EventDate "2017.07.21"]

1. e4 c5 2. Nf3 Nc6 3. d4 cxd4 4. Nxd4 g6 5. c4 d6 6. Nc3 Bg7 7. Be3 Qb6 8. Nd5
Qxb2 9. Rb1 Qxa2 10. Ra1 Qb2 11. Rb1 Qa2 12. Ra1 1/2-1/2

[Event "28th Czech Open A 2017"]
[Site "Pardubice CZE"]
[Date "2017.07.28"]
[Round "8.10"]
[White "Deac, Bogdan-Daniel"]
[Black "Westerberg, Jonathan"]
[Result "1-0"]
[WhiteTitle "GM"]
[BlackTitle "IM"]
[WhiteElo "2579"]
[BlackElo "2469"]
[WhiteFideId "1226380"]
[BlackFideId "1701754"]
[EventDate "2017.07.21"]

1. d4 d5 2. Bf4 Bf5 3. e3 e6 4. c4 Bxb1 5. Qxb1 Bb4+ 6. Kd1 dxc4 7. Bxc4 Bd6 8.
Qe4 Bxf4 9. Qxf4 Nf6 10. Nf3 O-O 11. Ke2 Qd6 12. Qh4 c5 13. e4 Qb6 14. Rab1 Nc6
15. e5 Nd7 16. dxc5 Nxc5 17. b4 Na4 18. Rhc1 Rad8 19. Kf1 Nd4 20. Bd3 h6 21. Qe4
g6 22. Nd2 Nb5 23. Rb3 a6 24. Qf4 Kh7 25. Ne4 Rd4 26. Nf6+ Kg7 27. Nh5+ gxh5 28.
Qf6+ Kg8 29. Qxh6 f5 30. exf6 Rf7 31. Bh7+ Rxh7 32. Rg3+ Rg4 33. Rxg4+ hxg4 34.
Qg6+ 1-0

[Event "28th Czech Open A 2017"]
[Site "Pardubice CZE"]
[Date "2017.07.28"]
[Round "8.11"]
[White "Nguyen, Thai Dai Van"]
[Black "Chigaev, Maksim"]
[Result "1/2-1/2"]
[WhiteTitle "IM"]
[BlackTitle "GM"]
[WhiteElo "2473"]
[BlackElo "2578"]
[WhiteFideId "358878"]
[BlackFideId "4108116"]
[EventDate "2017.07.21"]

1. e4 e6 2. d4 d5 3. Nd2 g6 4. Ngf3 Bg7 5. Bd3 Ne7 6. h4 h6 7. e5 b6 8. Nf1 c5
9. c3 Nd7 10. Ne3 Bb7 11. Ng4 h5 12. Ne3 f6 13. exf6 Bxf6 14. Ng5 Bxg5 15. hxg5
Qc7 16. a4 a6 17. O-O e5 18. c4 dxc4 19. Nxc4 cxd4 20. b3 b5 21. axb5 axb5 22.
Rxa8+ Bxa8 23. Nd2 O-O 24. Bxb5 Kg7 25. Bxd7 Qxd7 26. Nc4 Qf5 27. f4 Qe4 28. Qf3
Qc2 29. Qf2 Qxf2+ 30. Rxf2 e4 31. Bb2 Rd8 32. Rd2 Nc6 33. Ne5 e3 34. Rd3 Nxe5
35. fxe5 e2 36. Kf2 Bxg2 37. Kxe2 Kf7 38. Rxd4 Rxd4 39. Bxd4 Ke6 40. Kf2 Bd5 41.
Kg3 Kf5 42. Kh4 Bxb3 43. Bc3 1/2-1/2

[Event "28th Czech Open A 2017"]
[Site "Pardubice CZE"]
[Date "2017.07.28"]
[Round "8.12"]
[White "Ghosh, Diptayan"]
[Black "Drozdowski, Kacper"]
[Result "1/2-1/2"]
[WhiteTitle "GM"]
[BlackTitle "IM"]
[WhiteElo "2569"]
[BlackElo "2461"]
[WhiteFideId "5045207"]
[BlackFideId "1136720"]
[EventDate "2017.07.21"]

1. Nf3 d5 2. g3 c6 3. Bg2 Bg4 4. O-O Nd7 5. h3 Bh5 6. d3 Ngf6 7. Qe1 e5 8. e4
dxe4 9. dxe4 Bxf3 10. Bxf3 Be7 11. Nd2 O-O 12. Nc4 Qc7 13. a4 Rfd8 14. Qe2 Nc5
15. a5 b5 16. axb6 axb6 17. Rxa8 Rxa8 18. h4 Rd8 19. Bd2 Ne6 20. c3 b5 21. Ne3
g6 22. b4 1/2-1/2

[Event "28th Czech Open A 2017"]
[Site "Pardubice CZE"]
[Date "2017.07.28"]
[Round "8.13"]
[White "Brkic, Ante"]
[Black "Nagy, Gabor1"]
[Result "1/2-1/2"]
[WhiteTitle "GM"]
[BlackTitle "IM"]
[WhiteElo "2565"]
[BlackElo "2452"]
[WhiteFideId "14506688"]
[BlackFideId "737119"]
[EventDate "2017.07.21"]

1. e4 c5 2. Nf3 d6 3. d4 cxd4 4. Nxd4 Nf6 5. Nc3 a6 6. g3 g6 7. Bg2 Bg7 8. O-O
O-O 9. h3 Nc6 10. Be3 Bd7 11. Nd5 Rc8 12. Rc1 e6 13. Nxf6+ Qxf6 14. c3 Nxd4 15.
Bxd4 e5 16. Be3 b5 17. f4 exf4 18. Bxf4 Rc6 19. Qd5 Qd8 20. Kh2 Qc8 1/2-1/2

[Event "28th Czech Open A 2017"]
[Site "Pardubice CZE"]
[Date "2017.07.28"]
[Round "8.14"]
[White "Babula, Vlastimil"]
[Black "Akesson, Ralf"]
[Result "1-0"]
[WhiteTitle "GM"]
[BlackTitle "GM"]
[WhiteElo "2551"]
[BlackElo "2435"]
[WhiteFideId "301264"]
[BlackFideId "1700120"]
[EventDate "2017.07.21"]

1. d4 d5 2. c4 e6 3. Nc3 Be7 4. Nf3 Nf6 5. Bf4 O-O 6. e3 Nbd7 7. a3 c5 8. cxd5
Nxd5 9. Nxd5 exd5 10. dxc5 Nxc5 11. Be2 Bf6 12. Be5 Bxe5 13. Nxe5 Bf5 14. O-O
Rc8 15. Nf3 Be4 16. Rc1 Qb6 17. b4 Ne6 18. Nd2 Bg6 19. Nb3 Be4 20. Qd2 h6 21.
Bg4 f5 22. Be2 f4 23. Bg4 Rxc1 24. Rxc1 fxe3 25. Qxe3 Nf4 26. Qxb6 axb6 27. g3
h5 28. Rc8 hxg4 29. Rxf8+ Kxf8 30. gxf4 Ke7 31. Kf1 Bf3 32. Ke1 Kf6 33. Kd2 g5
34. Ke3 Bg2 35. Nd4 Bf1 36. f3 Bh3 37. fxg4 Bxg4 38. fxg5+ Kxg5 39. Nb5 Kf6 40.
Kd4 Bh3 41. Nc7 1-0

[Event "28th Czech Open A 2017"]
[Site "Pardubice CZE"]
[Date "2017.07.28"]
[Round "8.15"]
[White "Neuman, Petr"]
[Black "Hauchard, Arnaud"]
[Result "1/2-1/2"]
[WhiteTitle "GM"]
[BlackTitle "GM"]
[WhiteElo "2442"]
[BlackElo "2550"]
[WhiteFideId "305243"]
[BlackFideId "600113"]
[EventDate "2017.07.21"]

1. d4 g6 2. e4 Bg7 3. c4 d6 4. Nc3 Nc6 5. Nge2 e5 6. Be3 exd4 7. Nxd4 Nge7 8. h4
f5 9. h5 fxe4 10. hxg6 hxg6 11. Rxh8+ Bxh8 12. Nxe4 Bf5 13. Nxf5 gxf5 14. Qh5+
Kd7 15. Nc3 Qe8 16. Qxe8+ Rxe8 17. O-O-O Be5 18. g3 Bxc3 19. bxc3 Ne5 20. c5 Ng4
21. Bd4 Nc6 22. Bb5 a6 23. Ba4 Re2 24. Rd2 Re1+ 25. Rd1 Rxd1+ 26. Kxd1 dxc5 27.
Bxc5 b6 28. Bxc6+ Kxc6 29. Bd4 Kd5 30. f3 1/2-1/2

[Event "28th Czech Open A 2017"]
[Site "Pardubice CZE"]
[Date "2017.07.28"]
[Round "8.16"]
[White "Ladva, Ottomar"]
[Black "Matviishen, Viktor"]
[Result "0-1"]
[WhiteTitle "GM"]
[BlackTitle "FM"]
[WhiteElo "2531"]
[BlackElo "2404"]
[WhiteFideId "4500024"]
[BlackFideId "14129850"]
[EventDate "2017.07.21"]

1. Nf3 Nf6 2. c4 b6 3. g3 Bb7 4. Bg2 g6 5. d4 Bg7 6. O-O O-O 7. Qc2 d5 8. cxd5
Nxd5 9. a3 c5 10. dxc5 Qc8 11. Rd1 bxc5 12. Nbd2 Nb6 13. Nb3 Bc6 14. Be3 c4 15.
Nc5 Na6 16. Nxa6 Ba4 17. Qe4 Bxd1 18. Nb4 Ba4 19. Bxb6 axb6 20. Ne5 c3 21. b3
Bxb3 22. Nec6 Kh8 23. Rc1 Qd7 24. Ne5 Qd2 25. Ned3 Rad8 26. Qxe7 Bc4 27. Rc2
Qd1+ 28. Bf1 Rxd3 29. exd3 Bxd3 30. Nxd3 Qxc2 31. Qc7 Qb3 32. h4 h5 33. g4 Qd1
34. gxh5 Qxh5 35. Qxb6 Qxh4 36. Qc6 Qg4+ 37. Kh1 Rc8 38. Qb7 c2 0-1

[Event "28th Czech Open A 2017"]
[Site "Pardubice CZE"]
[Date "2017.07.28"]
[Round "8.17"]
[White "Erenberg, Ariel"]
[Black "Paravyan, David"]
[Result "0-1"]
[WhiteTitle "IM"]
[BlackTitle "IM"]
[WhiteElo "2375"]
[BlackElo "2531"]
[WhiteFideId "2811634"]
[BlackFideId "4194985"]
[EventDate "2017.07.21"]

1. d4 Nf6 2. c4 e6 3. Nf3 b6 4. a3 Bb7 5. Nc3 g6 6. d5 exd5 7. cxd5 Bg7 8. g3
O-O 9. Bg2 c5 10. O-O d6 11. Bf4 Re8 12. Re1 Nh5 13. Bg5 Qc7 14. e4 Nd7 15. Qc2
a6 16. a4 h6 17. Be3 Nhf6 18. h3 Rac8 19. Nd2 c4 20. Bf1 Nc5 21. Rad1 h5 22. Bf4
Nd3 23. Bxd3 cxd3 24. Qxd3 Nd7 25. Rc1 Ne5 26. Qe2 Qd7 27. Kh2 Rc7 28. Be3 Bc8
29. Qf1 b5 30. axb5 axb5 31. Kg1 b4 32. Na2 Rxc1 33. Rxc1 Qa4 34. Ra1 Bxh3 35.
Nxb4 Qxb4 36. Qxh3 Ng4 37. Nf1 Qxe4 38. Ra6 Qb1 39. Ba7 Ra8 40. Qg2 Bd4 41. Bxd4
Rxa6 42. f3 Qd1 43. Qd2 Ra1 0-1

[Event "28th Czech Open A 2017"]
[Site "Pardubice CZE"]
[Date "2017.07.28"]
[Round "8.18"]
[White "Biolek, Richard Jr."]
[Black "Demidov, Mikhail"]
[Result "1/2-1/2"]
[WhiteTitle "IM"]
[BlackTitle "IM"]
[WhiteElo "2437"]
[BlackElo "2524"]
[WhiteFideId "319996"]
[BlackFideId "4197143"]
[EventDate "2017.07.21"]

1. e4 e6 2. d4 d5 3. Nc3 Bb4 4. e5 b6 5. a3 Bxc3+ 6. bxc3 Qd7 7. Qg4 f5 8. Qg3
Ba6 9. Bxa6 Nxa6 10. a4 Nb8 11. h4 Nc6 12. Ne2 Qf7 13. h5 Na5 14. Bg5 Kd7 15.
Nf4 Nh6 16. Qd3 Qe8 17. Rh3 Nf7 18. Rg3 Rg8 19. Bh4 a6 20. Kf1 Kc8 21. Rb1 Kb7
22. Rb4 Qc6 23. Kg1 Rae8 24. Qd1 Ka7 25. Qc1 Nc4 26. Kh2 a5 27. Rb5 Qd7 28. Kg1
Nd8 29. Bxd8 Rxd8 30. Rb1 Rc8 31. Ra1 Qe7 32. Nh3 Rcf8 33. Qf4 Rb8 34. Ng5 Qe8
35. Rh3 h6 36. Nf3 g5 37. hxg6 Qxg6 38. Ne1 Qg5 39. Rh4 b5 40. axb5 Rxb5 41.
Qxg5 hxg5 42. Rh7 Kb7 43. Nd3 Ra8 44. Re7 Ra6 45. Nc5+ Rxc5 46. dxc5 Rc6 47.
Rb1+ Ka7 48. Re8 Nxe5 49. Rbb8 Rxc5 50. Ra8+ Kb7 51. Rab8+ Ka7 52. Ra8+ Kb7 53.
Rab8+ Ka6 54. Rxe6+ Nc6 55. Rb3 a4 56. Ra3 Kb5 57. Re8 Rc4 58. Kf1 d4 59. cxd4
Kb4 60. Ra2 a3 61. Re3 Nxd4 62. Rexa3 Kc5 63. Rg3 g4 64. c3 Nb5 65. Re2 Nd6 66.
Re5+ Kc6 67. Rd3 Ra4 68. Rd4 Ra2 69. g3 Rc2 70. c4 Rc1+ 71. Ke2 Rc2+ 72. Ke1
Rc1+ 73. Ke2 Rc2+ 74. Ke1 Rc1+ 75. Kd2 Rxc4 76. Kd3 Rc1 77. Re2 Kd7 78. Rc2 Rd1+
79. Ke3 Ra1 80. Rc5 Re1+ 81. Kd2 Re4 82. Kd3 Ke6 83. Rxe4+ Nxe4 84. Rxc7 Nxf2+
85. Ke3 Nh3 86. Rc5 Kf6 87. Ra5 Ng5 88. Ra6+ Ke5 89. Ra5+ Kf6 90. Rb5 Ne6 91.
Rb6 Ke5 92. Rb4 Kf6 93. Ra4 1/2-1/2

[Event "28th Czech Open A 2017"]
[Site "Pardubice CZE"]
[Date "2017.07.28"]
[Round "8.19"]
[White "Pulpan, Jakub"]
[Black "Vetoshko, Volodymyr"]
[Result "0-1"]
[WhiteTitle "FM"]
[BlackTitle "GM"]
[WhiteElo "2368"]
[BlackElo "2505"]
[WhiteFideId "302759"]
[BlackFideId "14122480"]
[EventDate "2017.07.21"]

1. d4 Nf6 2. Bf4 b6 3. e3 Bb7 4. h3 g6 5. Nf3 Bg7 6. Be2 O-O 7. O-O c5 8. c3 d6
9. Nbd2 Nbd7 10. Bh2 Re8 11. a4 a6 12. Qb3 Rc8 13. Bc4 d5 14. Be2 c4 15. Qc2 b5
16. Ne5 Nxe5 17. Bxe5 Bf8 18. Nf3 Nd7 19. Bh2 f6 20. Rfd1 e6 21. b3 Bc6 22. axb5
axb5 23. bxc4 bxc4 24. e4 Ra8 25. Bg3 Nb6 26. Rxa8 Qxa8 27. Rb1 Na4 28. e5 f5
29. Bf4 Rb8 30. Bd2 Rxb1+ 31. Qxb1 Qb7 32. Qc1 Qb2 33. Qxb2 Nxb2 34. Ne1 Kf7 35.
Nc2 Ba4 36. Bc1 Bxc2 37. Bxb2 Bh6 38. Kf1 Bd2 39. Bf3 Bd3+ 40. Be2 g5 41. f3 f4
42. Kf2 Kg6 43. Bd1 Kh5 44. g4+ fxg3+ 45. Kxg3 Bf4+ 46. Kg2 Kh4 47. Ba3 Bf5 0-1

[Event "28th Czech Open A 2017"]
[Site "Pardubice CZE"]
[Date "2017.07.28"]
[Round "8.20"]
[White "Sychev, Klementy"]
[Black "Horvath, Dominik"]
[Result "1-0"]
[WhiteTitle "IM"]
[BlackTitle "FM"]
[WhiteElo "2494"]
[BlackElo "2310"]
[WhiteFideId "4114060"]
[BlackFideId "1642561"]
[EventDate "2017.07.21"]

1. e4 c5 2. Nf3 e6 3. d4 cxd4 4. Nxd4 Nc6 5. Nc3 Qc7 6. Be2 a6 7. O-O Nf6 8. Be3
Be7 9. f4 d6 10. Kh1 O-O 11. Qe1 Nxd4 12. Bxd4 b5 13. a3 Bb7 14. Qg3 Rad8 15.
Rae1 Rd7 16. Bd3 Re8 17. a4 b4 18. Na2 Qa5 19. Nc1 Qh5 20. Nb3 Rc8 21. Re2 Rdc7
22. Kg1 Rd7 23. Rf3 g6 24. Kh1 Ng4 25. Bg1 Nf6 26. Qe1 d5 27. e5 Ne4 28. Rh3 Qg4
29. Qf1 Nc5 30. Bxc5 Bxc5 31. Nxc5 Rxc5 32. Qf2 d4 33. Rh4 Bxg2+ 34. Kg1 Bf3+
35. Rxg4 Bxg4 36. Re4 b3 37. cxb3 Bf5 38. Rxd4 Rxd4 39. Qxd4 Rd5 40. Qxd5 exd5
41. Bxf5 gxf5 42. b4 Kf8 43. b5 1-0

[Event "28th Czech Open A 2017"]
[Site "Pardubice CZE"]
[Date "2017.07.28"]
[Round "8.21"]
[White "Kraus, Tomas"]
[Black "Maslak, Konstantin"]
[Result "1/2-1/2"]
[WhiteTitle "IM"]
[BlackTitle "GM"]
[WhiteElo "2422"]
[BlackElo "2566"]
[WhiteFideId "331708"]
[BlackFideId "4130901"]
[EventDate "2017.07.21"]

1. d4 d6 2. g3 g6 3. Bg2 Bg7 4. c4 e5 5. dxe5 dxe5 6. Qxd8+ Kxd8 7. Nc3 c6 8. b3
Kc7 9. Ba3 Nf6 10. Nf3 Ne8 11. O-O-O f6 12. h4 Bg4 13. Bh3 Bxh3 14. Rxh3 h5 15.
Rg1 f5 16. Rd1 Nd7 17. Rhh1 Nf8 18. Bb2 Rh7 19. e4 Rd8 20. Rhe1 Nd7 21. Ng5 Bh6
22. f4 Bxg5 23. hxg5 fxe4 24. fxe5 Nxe5 25. Nb5+ cxb5 26. Bxe5+ Kc8 27. Rxd8+
Kxd8 28. cxb5 h4 29. gxh4 Rxh4 30. Bb8 a6 31. bxa6 bxa6 32. Rd1+ Kc8 33. Ba7 Rg4
34. Rg1 Rxg1+ 35. Bxg1 Kd7 36. b4 Kc6 37. a4 Nd6 38. Kd2 Kd5 39. Kc3 Nc4 40. b5
axb5 41. axb5 Nd6 42. Kb4 Nc4 43. b6 Nd6 44. Ka5 Kc6 45. Ka6 Nb7 46. Ka7 Nd6 47.
Be3 Nb7 48. Bf2 Nd6 49. Kb8 Nb7 50. Bg1 Nd6 51. Be3 Nb7 52. Kc8 Nd6+ 53. Kd8 Nc4
54. Bd4 e3 55. Ke7 e2 56. Bf2 Ne5 57. Bg3 Kxb6 58. Kf6 Nf3 59. Kxg6 Nxg5 1/2-1/2

[Event "28th Czech Open A 2017"]
[Site "Pardubice CZE"]
[Date "2017.07.28"]
[Round "8.22"]
[White "Lerch, Patrice"]
[Black "Dvoirys, Semen I."]
[Result "0-1"]
[WhiteTitle "IM"]
[BlackTitle "GM"]
[WhiteElo "2415"]
[BlackElo "2552"]
[WhiteFideId "605867"]
[BlackFideId "4100379"]
[EventDate "2017.07.21"]

1. e4 c5 2. Nc3 Nc6 3. g3 g6 4. d3 Bg7 5. Be3 d6 6. Qd2 Rb8 7. Bg2 b5 8. Nge2 b4
9. Nd1 e5 10. b3 Nd4 11. O-O Ne7 12. Nb2 O-O 13. a3 a5 14. axb4 axb4 15. Nc4 Qc7
16. Ra2 Nb5 17. Rd1 Be6 18. Qe1 d5 19. exd5 Bxd5 20. Bxd5 Nxd5 21. Ra6 e4 22.
dxe4 Nxe3 23. fxe3 Qb7 24. Rb6 Qxe4 25. Rxb8 Rxb8 26. Qd2 h5 27. Rf1 Qe7 28. Qd5
Na3 29. Nf4 Nxc4 30. Qxc4 Qxe3+ 31. Kg2 Re8 32. Nd3 Qe2+ 33. Rf2 Qe7 34. Nf4 Bd4
35. Re2 Qb7+ 36. Kh3 Qc8+ 37. Kg2 Qb7+ 38. Kh3 Rd8 39. Qd3 Bf6 40. Qc4 Qd7+ 41.
Kg2 Bd4 42. Qd3 Kg7 43. Qf3 Qd6 44. Qb7 Rd7 45. Qe4 Bf6 46. Qf3 Bg5 47. Nd3 Rc7
48. Re4 Bf6 49. Nf4 Bd4 50. Qd3 Rd7 51. Qf3 Ra7 52. Re2 Ra1 53. h3 Be5 54. Rf2
Bxf4 55. Qxf4 Qe6 56. Qf3 Re1 57. Kh2 Re3 58. Qf4 Rc3 59. Kg2 Re3 60. Kh2 Re4
61. Qg5 Qc6 62. Qc1 h4 63. gxh4 Rxh4 64. Qa1+ Rd4 65. Qg1 Qe4 66. Qg5 f5 67. Qg2
Qe3 68. Qg3 f4 69. Qg2 Qe5 70. Qf3 Re4 71. Kg2 Qf5 72. Re2 Rd4 73. h4 Kh6 74.
Rf2 Qh5 75. Qh3 Qd5+ 76. Qf3 Re4 77. Kh2 Qe5 78. Kg2 Qf5 79. Re2 Rxe2+ 80. Qxe2
Qd5+ 81. Kh2 Qd4 82. Qg4 Qd2+ 83. Kh3 Qc3+ 0-1

[Event "28th Czech Open A 2017"]
[Site "Pardubice CZE"]
[Date "2017.07.28"]
[Round "8.23"]
[White "Plat, Vojtech"]
[Black "Frolov, Artur"]
[Result "1-0"]
[WhiteTitle "IM"]
[BlackTitle "IM"]
[WhiteElo "2531"]
[BlackElo "2410"]
[WhiteFideId "325740"]
[BlackFideId "14100134"]
[EventDate "2017.07.21"]

1. d4 Nf6 2. c4 g6 3. g3 Bg7 4. Bg2 O-O 5. Nc3 d6 6. Nf3 Nbd7 7. O-O e5 8. e4
Re8 9. h3 exd4 10. Nxd4 Nc5 11. Re1 Bd7 12. Nb3 Nxb3 13. Qxb3 b6 14. Bg5 h6 15.
Bxf6 Bxf6 16. e5 Bxe5 17. Bxa8 Qxa8 18. Nd5 Qd8 19. Kg2 c6 20. Ne3 h5 21. Rad1
Qf6 22. Qd3 Qe6 23. Rh1 Bc8 24. b3 Bb7 25. Rhe1 Bc8 26. Rh1 Bb7 27. Qe4 Qd7 28.
Qf3 Re6 29. Rhe1 Qe7 30. h4 Bg7 31. Kf1 Re5 32. Re2 Bh6 33. Rde1 Qd7 34. Kg1 Kg7
35. Nf1 c5 36. Qc3 Qc6 37. f3 f6 38. Rxe5 fxe5 39. Kf2 Kh7 40. Qd3 Bg7 41. Nd2
Bf6 42. Ne4 Be7 43. Nc3 Qe8 44. Nd5 Bd8 45. a4 Qf7 46. Nc3 Be7 47. Rd1 Kg7 48.
Ne4 a5 49. Kg2 Bc6 50. Qe3 Qe6 51. Qd3 Qf7 52. Nc3 Qe6 53. Nd5 Bd8 54. Qe4 Bd7
55. Nf4 Qf5 56. Rxd6 exf4 57. Qxf5 Bxf5 58. Rxd8 Bc2 59. Rd7+ Kh6 60. Rd6 Bxb3
61. Rxb6 Bxa4 62. Ra6 Bb3 63. Rxa5 Bxc4 64. Rxc5 Bd3 65. gxf4 Kg7 66. Kf2 Kf6
67. Ke3 Bb1 68. Rc1 Bf5 69. Rc6+ Kg7 70. Kd4 Bh3 71. Ke5 Bg2 72. Rc7+ Kh6 73.
Rc3 Bh3 74. Kf6 Bf5 75. Rc5 Bd3 76. Rc8 Kh7 77. Kg5 Kg7 78. Rc7+ Kg8 79. Kf6 Kh8
80. Rg7 1-0

[Event "28th Czech Open A 2017"]
[Site "Pardubice CZE"]
[Date "2017.07.28"]
[Round "8.24"]
[White "Stefansson, Hannes"]
[Black "Bukal, Vladimir Jr."]
[Result "0-1"]
[WhiteTitle "GM"]
[BlackTitle "IM"]
[WhiteElo "2530"]
[BlackElo "2398"]
[WhiteFideId "2300087"]
[BlackFideId "14502941"]
[EventDate "2017.07.21"]

1. d4 e6 2. g3 f5 3. Bg2 Nf6 4. c4 d5 5. Nh3 Bd6 6. O-O O-O 7. Qc2 Nc6 8. Rd1
Nb4 9. Qb3 a5 10. a3 a4 11. Qc3 Nc6 12. Bg5 Be7 13. Qc2 Ne4 14. Bxe7 Nxe7 15.
Nc3 Nxc3 16. bxc3 dxc4 17. Qa2 Nd5 18. Qxc4 Qd6 19. Rdb1 c6 20. Qd3 b5 21. Ng5
h6 22. Nf3 Ba6 23. Qd2 Rac8 24. Ne5 c5 25. Nd3 cxd4 26. cxd4 Nc3 27. Rb4 Rfd8
28. Qe1 Nd5 29. Rb2 Nb6 30. Nb4 Nc4 31. Rbb1 Rc7 32. Rd1 Bb7 33. d5 e5 34. e4
fxe4 35. Bxe4 Rf8 36. Ra2 Bc8 37. Bd3 Bg4 38. Rc1 Bf3 39. Rac2 Rfc8 40. Rc3 Bxd5
41. Rd1 Nd2 42. Qxd2 Rxc3 43. Nxd5 R3c5 44. Nb4 Qd4 45. Qa2+ Kh8 46. Qe6 e4 47.
Bc2 Qe5 48. Qg6 Rc4 49. Kg2 Qe8 50. Qb6 e3 51. Bg6 e2 52. Re1 Qe5 53. Bd3 R4c6
54. Nxc6 Qd5+ 55. f3 Qxd3 56. Nd4 Qxa3 57. Rxe2 b4 58. Qb7 Rg8 59. Nf5 Qc3 60.
Ne7 Rd8 61. Ng6+ Kh7 62. Kh3 b3 63. Re7 Qc8+ 0-1

[Event "28th Czech Open A 2017"]
[Site "Pardubice CZE"]
[Date "2017.07.28"]
[Round "8.25"]
[White "Kovalev, Andrei"]
[Black "Murtazin, Bulat"]
[Result "0-1"]
[WhiteTitle "GM"]
[BlackTitle "FM"]
[WhiteElo "2517"]
[BlackElo "2397"]
[WhiteFideId "13500023"]
[BlackFideId "24151351"]
[EventDate "2017.07.21"]

1. e4 e5 2. Nf3 Nc6 3. d4 exd4 4. Nxd4 Bc5 5. Nb3 Bb6 6. Nc3 Nge7 7. Qe2 d6 8.
Be3 Be6 9. O-O-O Qd7 10. g3 O-O-O 11. Bg2 Bh3 12. Bxh3 Qxh3 13. Bxb6 axb6 14. f4
f5 15. Rhe1 Rhe8 16. exf5 Nxf5 17. Qxe8 Rxe8 18. Rxe8+ Kd7 19. Rf8 Nce7 20. Nd4
Nxd4 21. Rxd4 Qxh2 22. Rf7 Ke8 23. Rxg7 Kf8 24. Rg5 h6 25. Rb5 Qxg3 26. Rh5 Qg4
27. Rh1 Nf5 28. Rd2 h5 29. Ne2 h4 30. Nd4 Ng3 31. Re1 h3 32. Ne6+ Kg8 33. b3 Qf3
34. Ng5 Qc3 35. Re8+ Kg7 36. Re7+ Kf8 37. Rf7+ Kg8 38. Rd3 Qe1+ 39. Kb2 h2 40.
Rxc7 h1=Q 41. Rc8+ Kg7 42. Rc7+ Kg6 43. Rxd6+ Kf5 0-1

[Event "28th Czech Open A 2017"]
[Site "Pardubice CZE"]
[Date "2017.07.28"]
[Round "8.26"]
[White "Cvek, Robert"]
[Black "Piscopo, Pierluigi"]
[Result "1/2-1/2"]
[WhiteTitle "GM"]
[BlackTitle "IM"]
[WhiteElo "2516"]
[BlackElo "2396"]
[WhiteFideId "307424"]
[BlackFideId "809152"]
[EventDate "2017.07.21"]

1. Nf3 Nf6 2. c4 e6 3. Nc3 d5 4. d4 Bb4 5. e3 O-O 6. Bd3 c5 7. O-O cxd4 8. exd4
dxc4 9. Bxc4 b6 10. Bg5 Bb7 11. Ne5 h6 12. Bh4 Nc6 13. Nxc6 Bxc6 14. Qb3 Be7 15.
Rad1 Nd5 16. Nxd5 Bxh4 17. Nb4 Bb7 18. d5 exd5 19. Bxd5 Bxd5 20. Nxd5 Re8 21. g3
Bf6 22. Rd3 Be5 23. Rfd1 Qc8 24. Re3 Qc6 25. Nb4 Qe6 26. Rd5 Qf6 27. Rd7 Qe6 28.
Rd5 Qf6 29. Rd7 Qe6 30. Qxe6 Rxe6 31. Nd3 Bf6 32. Rxe6 fxe6 33. b3 a5 34. Rd6
Rc8 35. Rxb6 Rc2 36. Rxe6 Rxa2 37. Re3 Bd4 38. Rf3 Ra3 39. Ne1 Ra2 40. Nd3 Ra3
41. Ne1 Ra2 42. h4 g5 43. hxg5 hxg5 44. Kg2 Rb2 45. g4 Kh7 46. Rf5 Kh6 1/2-1/2

[Event "28th Czech Open A 2017"]
[Site "Pardubice CZE"]
[Date "2017.07.28"]
[Round "8.27"]
[White "Grekh, Andrey"]
[Black "Debashis, Das"]
[Result "1-0"]
[WhiteTitle "IM"]
[BlackTitle "GM"]
[WhiteElo "2395"]
[BlackElo "2505"]
[WhiteFideId "14112418"]
[BlackFideId "5024854"]
[EventDate "2017.07.21"]

1. Nf3 Nf6 2. g3 d5 3. Bg2 c6 4. O-O Bg4 5. d4 Nbd7 6. Nbd2 e6 7. h3 Bh5 8. Re1
Be7 9. e4 Bg6 10. e5 Ne4 11. Nf1 h5 12. h4 f6 13. exf6 gxf6 14. N3d2 f5 15. Nxe4
fxe4 16. f3 exf3 17. Bxf3 Bf7 18. Bf4 Bf6 19. Ne3 Kf8 20. c3 Kg7 21. Ng2 Rh7 22.
Qd2 Kh8 23. Bd1 Qg8 24. Bc2 Rg7 25. Bd6 Qd8 26. Rf1 Kg8 27. Qh6 Be7 28. Rxf7
Rxf7 29. Qg6+ Rg7 30. Qxe6+ Kh8 31. Qh6+ Kg8 32. Bf5 Bxd6 33. Be6+ Kf8 34. Rf1+ 1-0

[Event "28th Czech Open A 2017"]
[Site "Pardubice CZE"]
[Date "2017.07.28"]
[Round "8.28"]
[White "Tomazini, Aljosa"]
[Black "Chernyshov, Konstantin"]
[Result "0-1"]
[WhiteTitle "FM"]
[BlackTitle "GM"]
[WhiteElo "2387"]
[BlackElo "2498"]
[WhiteFideId "14608154"]
[BlackFideId "4117328"]
[EventDate "2017.07.21"]

1. d4 Nf6 2. c4 e6 3. Nc3 Bb4 4. Qc2 O-O 5. Nf3 b6 6. e4 Bxc3+ 7. bxc3 Bb7 8.
Bd3 Ne8 9. Bg5 f6 10. e5 fxg5 11. Bxh7+ Kh8 12. Qg6 Bxf3 13. gxf3 Nf6 14. exf6
Rxf6 15. Qc2 Nc6 16. O-O-O Rxf3 17. Be4 Rf4 18. Qe2 Qf6 19. f3 Rf8 20. Rhg1 Ne7
21. Rg3 Nf5 22. Rg4 Rxg4 23. fxg4 Nd6 24. Bd3 Qf2 25. Rd2 Qxe2 26. Rxe2 Rf3 27.
Kd2 Nf7 28. Rg2 Kg8 29. Be2 Rf6 30. Ke3 Kf8 31. h3 Ke7 32. Bd3 Rf4 33. a4 a5 34.
Rb2 d6 35. Rb5 Kf6 36. Be2 e5 37. Bd3 g6 38. Be2 Kg7 39. Bd3 Rf6 40. c5 dxc5 41.
dxc5 Rc6 42. cxb6 cxb6 43. Kd2 Kf6 44. Be4 Rd6+ 45. Bd5 Nd8 46. Ke3 Ne6 47. Bxe6
Rxe6 48. Ke4 Rc6 49. Kd5 Rxc3 50. Rxb6+ Kg7 51. Kxe5 Rxh3 52. Rb5 Rg3 53. Rxa5
Rxg4 54. Ra7+ Kh6 55. a5 Ra4 56. Kf6 g4 57. Ra8 Rf4+ 58. Ke5 Rf5+ 59. Ke4 g3 60.
Rh8+ Kg5 61. Rh1 Kg4 62. Ra1 g2 63. a6 Rf1 0-1

[Event "28th Czech Open A 2017"]
[Site "Pardubice CZE"]
[Date "2017.07.28"]
[Round "8.29"]
[White "Plischki, Sebastian"]
[Black "Kantor, Gergely"]
[Result "1/2-1/2"]
[WhiteTitle "IM"]
[BlackTitle "IM"]
[WhiteElo "2376"]
[BlackElo "2481"]
[WhiteFideId "4637143"]
[BlackFideId "751499"]
[EventDate "2017.07.21"]

1. d4 Nf6 2. c4 e6 3. Nc3 Bb4 4. Qc2 b6 5. e4 c5 6. d5 Qe7 7. Be2 exd5 8. exd5
d6 9. Nf3 O-O 10. Be3 b5 11. O-O bxc4 12. Bxc4 Bg4 13. Rfe1 Bxf3 14. gxf3 Qe5
15. Qd2 Qf5 16. Bf4 Rd8 17. Kg2 Nbd7 18. Bd3 Qh5 19. Bxd6 Bxc3 20. bxc3 Qxd5 21.
c4 Qd4 22. Rad1 Nf8 1/2-1/2